000
00287nam a22001337a 4500
008
170914b xxu||||| |||| 00| 0 eng d
020
_a
2900534640698
041
_a
eng
080
_a
7
100
_a
44
101
_a
ART
245
_a
THEATRE IN YOUR LIFE
_c
BARTON.R
942
_2
udc
_c
BK
999
_c
27751
_d
27751